• 首页
  • 本馆介绍
  • 公告通知
  • 最新文献
  • 馆藏检索
  • 电子资源
  • 读者导购
  • 参考咨询
  • 我的图书馆
  • 登录
  • 详细信息显示
  • 放入我的书架
  • 预约/预借图书
  • 作者相关作品
  • 分类相关作品
  • 丛书相关作品
  • 出版社相关作品

书目信息

  • 表格格式
  • 工作单格式
  • 卡片格式
题名:
邓小平的思维世界
    
 
作者: 程美东 , 沈湘平 著
分册:  
出版信息: 成都   四川人民出版社  2004
页数: 21,19,285页
开本: 24cm
丛书名: 邓小平的世界
单 册:
中图分类: A765
科图分类:
主题词:
电子资源:
ISBN: 7-220-06633-3
000 00973nam0 2200265 450
001 TS2006024479
005 20061228090802.34
010    @a7-220-06633-3@dCNY38.00
100    @a20060829d2004 em y0chiy0110 ea
101 0  @achi
102    @aCN@b510000
105    @ay z 000yy
200 1  @a邓小平的思维世界@ADeng Xiao Ping De Si Wei Shi Jie@f程美东,沈湘平著@FCheng Mei Dong, Shen Xiang Ping Zhu
210    @a成都@c四川人民出版社@d2004
215    @a21,19,285页@d24cm
225 2  @a邓小平的世界@e博士视野中的邓小平
225 1  @a纪念邓小平诞辰100周年书系
330    @a本书内含“走进邓小平的思维世界”、“邓小平思维的方法论基础”、“邓小平思维的基本类型”、“邓小平的思维内容”等八个专题内容。
410  0 @12001 @a邓小平的世界
600  0 @a邓小平@f(1904~1997)@x思维方法@x研究
690    @aA765@v4
701  0 @a程美东@ACheng Mei Dong@c(1969~)@4著
701  0 @a沈湘平@AShen Xiang Ping@f(1971~)@4著
801  0 @aCN@b中图数据@c20061228
905    @a10447@dA765@e178
    
    邓小平的思维世界/程美东,沈湘平著.-成都:四川人民出版社,2004
    21,19,285页;24cm.-(邓小平的世界:博士视野中的邓小平).-(纪念邓小平诞辰100周年书系)
    
    
    ISBN 7-220-06633-3:CNY38.00
    本书内含“走进邓小平的思维世界”、“邓小平思维的方法论基础”、“邓小平思维的基本类型”、“邓小平的思维内容”等八个专题内容。
●
相关链接 在E读中查询图书 在五车中查询图书 在当当中查询图书 在豆瓣中查询图书


正题名:邓小平的思维世界     索取号:A765/178         预约/预借

序号 登录号 条形码 馆藏地/架位号 状态 备注
1 0604020   206040201   第一样本阅览室/ [索取号:A765/178] 在馆    
2 0604021   206040210   第一借阅区/ [索取号:A765/178] 在馆    
3 0604022   206040229   第一借阅区/ [索取号:A765/178] 在馆    
4 0604023   206040238   第一借阅区/ [索取号:A765/178] 在馆    
5 0604024   206040247   第一借阅区/ [索取号:A765/178] 在馆    
6 0604025   206040256   第一借阅区/ [索取号:A765/178] 在馆    
欢迎您!
大连网信软件有限公司© 版权所有